| 000 | 00470nam a2200181 4500 | ||
|---|---|---|---|
| 001 | 7368 | ||
| 005 | 20230410132852.0 | ||
| 008 | 060907n1996 dr spa | ||
| 035 | _9funglode7432 | ||
| 041 | _aEN | ||
| 050 | 1 | 4 | _aB HV 6248 G686C 1996 |
| 100 | _aCapeci, Jarry | ||
| 245 | 1 |
_aGotti rise and fall / _cJerry Capeci and Gene Mustain |
|
| 260 |
_aNew York : _bOnyx book, _c1996 |
||
| 300 | _aix, 444 p. | ||
| 700 | _aMustain, Gene | ||
| 942 |
_2lcc _cbk |
||
| 999 |
_c89237 _d89237 |
||